|
|
|
|
| LEADER |
01158nam a22003017a 4500 |
| 001 |
28427 |
| 003 |
BD-DhAAL |
| 005 |
20141016101906.0 |
| 008 |
161014r20132010bg 000 1 eng |
| 020 |
|
|
|a 9847002002547
|
| 040 |
|
|
|a BD-DhAAL
|c BD-DhAAL
|
| 050 |
0 |
0 |
|a PZ3.A93
|b Pr79
|a PR4034.P7
|
| 082 |
0 |
0 |
|a 823/.7
|
| 100 |
1 |
|
|a Austen, Jane,
|d 1775-1817.
|9 5628
|
| 245 |
1 |
0 |
|a Pride and prejudice /
|c Jane Austen and with a detailed introduction by FBC editorial board
|
| 260 |
|
|
|a Dhaka :
|b Friends' book corner,
|c 2010 [reprinted 2013]
|
| 300 |
|
|
|a lviii, 422 p.
|c 19 cm.
|
| 541 |
|
|
|e 28427
|
| 650 |
|
0 |
|a Social classes
|v Fiction.
|9 5629
|
| 650 |
|
0 |
|a Young women
|v Fiction.
|9 5630
|
| 650 |
|
0 |
|a Courtship
|v Fiction.
|9 5631
|
| 650 |
|
0 |
|a Sisters
|v Fiction.
|9 5632
|
| 651 |
|
0 |
|a England
|v Fiction.
|9 5633
|
| 655 |
|
7 |
|a Domestic fiction.
|2 lcsh
|9 5618
|
| 655 |
|
7 |
|a Love stories.
|2 gsafd
|9 5635
|
| 942 |
|
|
|2 ddc
|c BK
|
| 999 |
|
|
|c 32924
|d 32924
|
| 952 |
|
|
|0 0
|1 0
|2 ddc
|4 0
|6 823_700000000000000_AUS
|7 0
|9 43841
|a BRACUL
|b BRACUL
|c GEN
|d 2014-10-16
|e Friends book corner
|g 80.00
|l 4
|m 22
|o 823.7 AUS
|p 3010028427
|r 2023-07-04
|s 2023-02-04
|t 1
|w 2014-10-16
|y BK
|x Transferred from BIL to BRACUL on 06/06/22
|